Autotronica : scientific monograph /

Hlavní autor: Vlnka, Ján
Jazyk: Angličtina
Vydáno: Ostrava : Jiří Pustina - Ámos, 2021
Vydání: First edition
Témata:
Fyzický popis: 1 CD-ROM (90 stran) : ilustrace ; 12 cm
Knihy
Uloženo v:
LEADER 01355nam a2200421 i 4500
001 001832082
003 CZ BrMZK
005 20220915084409.0
006 m q d
007 co bg
008 220822s2021 xr a f 000 0 eng
015 |a cnb003301445 
020 |a 978-80-87691-33-5  |q (CDR) 
040 |a BOA001  |b cze  |e rda 
072 7 |a 621.38  |x Elektronika  |2 Konspekt  |9 19 
080 |a 621.38  |2 MRF 
080 |a 629.331  |2 MRF 
080 |a (048.8)  |2 MRF 
080 |a (0.034.44)  |2 MRF 
100 1 |a Vlnka, Ján  |7 xx0136900  |4 aut 
245 1 0 |a Autotronica :  |b scientific monograph /  |c Ján Vlnka 
250 |a First edition 
264 1 |a Ostrava :  |b Jiří Pustina - Ámos,  |c 2021 
300 |a 1 CD-ROM (90 stran) :  |b ilustrace ;  |c 12 cm 
336 |a text  |b txt  |2 rdacontent 
337 |a počítač  |b c  |2 rdamedia 
338 |a počítačový disk  |b cd  |2 rdacarrier 
347 |a textový soubor  |b PDF  |2 rda 
500 |a Název z disku 
504 |a Obsahuje bibliografii 
650 0 7 |a elektronika  |7 ph114454  |2 czenas 
650 0 7 |a automobily  |7 ph114108  |2 czenas 
655 7 |a monografie  |7 fd132842  |2 czenas 
655 7 |a CD-ROM  |7 fd133955  |2 czenas 
910 |a BOA001  |b CDR-1491.807 
990 |a BK 
991 |b 202209  |c NOV 
996 3 |b 2610912793  |c CDR-1491.807  |l Stud. periodik/2.patro  |r Sklad / do 1 hodiny  |n 0  |p p.v.  |w 001897389  |u 000010  |a 1  |e BOA001  |j MZK50  |s N